Strategy--process, content, context : (Record no. 18692)
[ view plain ]
| 000 -LEADER | |
|---|---|
| fixed length control field | 01088cam a2200301 a 4500 |
| 005 - DATE AND TIME OF LATEST TRANSACTION | |
| control field | 20230609121624.0 |
| 008 - FIXED-LENGTH DATA ELEMENTS--GENERAL INFORMATION | |
| fixed length control field | 040422s2004 enka b 001 0 eng |
| 010 ## - LIBRARY OF CONGRESS CONTROL NUMBER | |
| LC control number | 2004271913 |
| 020 ## - INTERNATIONAL STANDARD BOOK NUMBER | |
| ISBN | 1861529643 |
| 020 ## - INTERNATIONAL STANDARD BOOK NUMBER | |
| ISBN | 0324282710 (cover) |
| 040 ## - CATALOGING SOURCE | |
| Original cataloging agency | DLC |
| Transcribing agency | DLC |
| Modifying agency | DLC |
| 082 ## - DEWEY DECIMAL CLASSIFICATION NUMBER | |
| Classification number | 658.4012 |
| Item number | WIT-S |
| 100 1# - MAIN ENTRY--AUTHOR | |
| Author Name | Wit, Bob de. |
| 245 10 - TITLE STATEMENT | |
| Title | Strategy--process, content, context : |
| Remainder of title | an international perspective / |
| Statement of responsibility, etc. | Bob de Wit, Ron Meyer. |
| 250 ## - EDITION STATEMENT | |
| Edition statement | 3rd ed. |
| 260 ## - PUBLICATION, DISTRIBUTION, ETC. | |
| Place of Publication | London : |
| Name of publisher, distributor, etc. | Thomson, |
| Date of publication, distribution, etc. | 2004. |
| 300 ## - PHYSICAL DESCRIPTION | |
| Pages | xxiv, 957 p. : |
| 500 ## - GENERAL NOTE | |
| General note | Includes bibliographical references and index. |
| 504 ## - BIBLIOGRAPHY, ETC. NOTE | |
| Bibliography, etc. note | Includes bibliographical references and index. |
| 650 #0 - SUBJECT ADDED ENTRY--TOPICAL TERM | |
| Subject / Department | Strategic planning. |
| 650 #0 - SUBJECT ADDED ENTRY--TOPICAL TERM | |
| Subject / Department | Business planning. |
| 650 #0 - SUBJECT ADDED ENTRY--TOPICAL TERM | |
| Subject / Department | International business enterprises. |
| 700 1# - ADDED ENTRY--PERSONAL NAME | |
| Personal name | Meyer, Ron, |
| Dates associated with a name | 1962- |
| 300 ## - PHYSICAL DESCRIPTION | |
| -- | ill. (some col.) ; |
| -- | 26 cm. |
| 856 41 - | |
| -- | Table of contents |
| -- | http://www.loc.gov/catdir/toc/fy044/2004271913.html |
| 906 ## - LOCAL DATA ELEMENT F, LDF (RLIN) | |
| a | 7 |
| b | cbc |
| c | origcop |
| d | 3 |
| e | ncip |
| f | 20 |
| g | y-gencatlg |
| 952 ## - LOCATION AND ITEM INFORMATION (KOHA) | |
| -- | 0 |
| -- | 0 |
| Lost status | Damaged status | Permanent Location | Current Location | Shelving Location | Date acquired | Full Call Number | Accession No./Barcode | Date last seen | item type |
|---|---|---|---|---|---|---|---|---|---|
| Superior Information Resource Center (SIRC) Superior University- Main Campus | Superior Information Resource Center (SIRC) Superior University- Main Campus | Management | 06/09/2023 | 658.4012 WIT-S 2004 | 7757 | 06/09/2023 | BOOK |
